000 00396 a2200169 4500
001 71905
020 _a8508024002
040 _cAnchieta - Colégio São Paulo
100 _aPenteado, Maria Heloísa
240 1 0 _aO líquido verde-folha
_lpor
245 1 0 _aO líquido verde-folha
300 _a47
362 0 _a1987
440 1 _aÁtica
650 4 _aLiteratura infanto-juvenil
942 _cBK
999 _c71905
_d71905